000 00296 a2200157 4500
001 160743
020 _a
040 _cMagnum
100 _a-
240 1 0 _aO leao e o ratinho
_lpor
245 1 0 _aO leao e o ratinho
362 0 _a1899
440 1 _aFTD
697 _aIJ/CONTOS
942 _cBK
999 _c160743
_d160743